| 000 | 01375cam a22003131i 4500 | ||
|---|---|---|---|
| 003 | SA-RiAUC | ||
| 005 | 20250421102501.0 | ||
| 008 | 250108s1969 ua g b 000 0 ara c | ||
| 040 |
_aSA-JeALM _bara _cSA-RiAUC _erda |
||
| 082 | 0 | 4 |
_a219.1 _qSA-RiAUC |
| 090 |
_a219.1 _b ع ب د و |
||
| 100 | 1 |
_aعبدالواحد، مصطفى _d1358 هجري- _eمؤلف. |
|
| 245 | 1 | 2 |
_aالمجتمع الإسلامي : _bأهدافه ودعائمه، أوضاعه وخصائصه في ضوء الكتاب والسنة / _cمصطفى عبد الواحد. |
| 250 | _aالطبعة الأولى. | ||
| 264 | 1 |
_aالقاهرة : _bدار التأليف، _c1969 |
|
| 300 |
_a296 صفحة ؛ _c24 سم |
||
| 336 |
_aنص _btxt _2rdacontent _3كتاب |
||
| 337 |
_aبدون وسيط _bn _2rdamedia |
||
| 338 |
_aمجلد _bnc _2rdacarrier |
||
| 500 | _aاهداء من المؤلف مصطفى عبدالواحد بتاريخ 6 / 9 / 1391 هـ | ||
| 504 | _aيشتمل على إرجاعات ببليوجرافية. | ||
| 650 | 7 |
_aالإسلام والإصلاح الاجتماعي _2aucsh |
|
| 650 | 7 |
_aالإصلاح الاجتماعي في الحديث _2aucsh |
|
| 650 | 7 |
_aالإصلاح الاجتماعي في القرآن _2aucsh |
|
| 650 | 7 |
_aالمجتمع العربي _2aucsh |
|
| 730 | 2 | 2 | _aالقرآن |
| 942 |
_2ddc _cBOOK _n0 |
||
| 949 |
_aSA-JeALM _d250108 _uosman123 _n1 |
||
| 999 |
_c7290 _d7290 |
||